| 000 | 01232 a2200181 4500 | ||
|---|---|---|---|
| 020 | _a0065015282 (paperback) | ||
| 020 | _a9780065015287 (paperback) | ||
| 082 | 0 | 4 | _a658.3 |
| 090 |
_c4541 _d4541 |
||
| 100 | 1 | _aKossen, Stan. | |
| 245 | 1 | 4 |
_aThe human side of organizations / _cStan Kossen. |
| 250 | _a6 Sub ed. | ||
| 260 |
_a[S.l.] : _bHarpercollins College Div, _c1994. |
||
| 300 |
_a550 p. ; _c24 cm. |
||
| 520 | _aDriven by the concept of Total Quality Management, this book explores the needs and motivations of the leaders and employees in any organizations. It explores the issues such as perception, decision making, communication and small group behaviour to show that humans are people and not just faceless employees. Sections on organizational performance are included to help future managers understand change, challenges facing women, culturally diverse groups in organizations, aging, individuals with disabilities - including AIDS - and alcohol and substance abuse. This edition also includes both a greater use of examples of worldwide organizational behaviour and an emphasis on ethics. | ||
| 856 | 4 | 0 |
_3Amazon.com _uhttp://www.amazon.com/exec/obidos/ASIN/0065015282/chopaconline-20 |
| 942 |
_aNBS _cBK _k658.3 KOS |
||
| 999 |
_c346984 _d346984 |
||